| 000 | 00393 a2200145 4500 | ||
|---|---|---|---|
| 001 | 47933 | ||
| 040 | _cAnchieta - Aquarius | ||
| 100 | _aBarreto, Lima | ||
| 240 | 1 | 0 |
_aO Homem que Sabia Javanês e outros contos, de Lima Barreto _lpor |
| 245 | 1 | 0 | _aO Homem que Sabia Javanês e outros contos, de Lima Barreto |
| 300 | _a68 | ||
| 362 | 0 | _a1997 | |
| 650 | 4 | _aLiteratura brasileira | |
| 942 | _cBK | ||
| 999 |
_c47933 _d47933 |
||